[Event "Bohumin op-A 8th"]
[Site "Bohumin"]
[Date "2025.07.03"]
[Round "7"]
[White "Lojek, Marek"]
[Black "Smuda, Tomasz"]
[Result "1-0"]
[WhiteElo "2128"]
[BlackElo "1920"]
[PlyCount "65"]
[EventDate "2025.06.28"]
[EventType "swiss"]
[EventRounds "9"]
[EventCountry "CZE"]
[SourceTitle "CB28_2025"]
[SourceDate "2025.07.09"]
[SourceVersion "1"]
[SourceVersionDate "2025.07.09"]
[SourceQuality "1"]

1. e4 c5 2. Nf3 d6 3. Bb5+ Nd7 4. a4 Ngf6 5. Nc3 g6 6. 0-0 Bg7 7. Re1 0-0 8. a5 a6 9. Bf1 e5 10. d3 b5 11. axb6 Nxb6 12. Nd2 Ne8 13. Nc4 Nd7 14. Bd2 f5 15. Nd5 fxe4 16. dxe4 Bb7 17. Ba5 Qg5 18. Ra3 h5 19. Rg3 Qh4 20. Bd2 Rf4 21. Bxf4 exf4 22. Rxg6 Kh7 23. g3 fxg3 24. hxg3 Qd8 25. Qxh5+ Kg8 26. Bh3 Nf8 27. Rg5 Nf6 28. Qh6 Ne8 29. Be6+ Nxe6 30. Qxe6+ Kf8 31. Rf5+ Nf6 32. Nxf6 Bc8 33. Nh7# 1-0

[Event "Teguise Hotel op"]
[Site "Lanzarote"]
[Date "2024.08.21"]
[Round "8"]
[White "Zhao, Yunqing"]
[Black "Smuda, Tomasz"]
[Result "1-0"]
[WhiteElo "2048"]
[BlackElo "1920"]
[PlyCount "187"]
[EventDate "2024.08.15"]
[EventType "swiss"]
[EventRounds "9"]
[EventCountry "ESP"]
[SourceTitle "CBM 221 Extra"]
[Source "ChessBase"]
[SourceDate "2024.09.30"]
[SourceVersion "1"]
[SourceVersionDate "2024.09.30"]
[SourceQuality "1"]

1. e4 c6 2. d4 d5 3. exd5 cxd5 4. Bd3 Nc6 5. c3 Nf6 6. Bf4 g6 7. Qc2 Bg7 8. Nf3 Bg4 9. Nbd2 Bxf3 10. Nxf3 Rc8 11. 0-0 0-0 12. Qe2 a6 13. h3 Na5 14. Nd2 Nd7 15. h4 e5 16. dxe5 Qxh4 17. Bg3 Qe7 18. f4 b5 19. Nf3 Nc5 20. f5 Nxd3 21. Qxd3 Qc5+ 22. Bf2 Qc4 23. Qd2 Rfe8 24. Bd4 Qc7 25. e6 Nc4 26. Qf2 gxf5 27. Bxg7 Kxg7 28. e7 Qxe7 29. Nd4 Nd6 30. Nxf5+ Nxf5 31. Qxf5 Rc6 32. Rf2 Rh6 33. Raf1 f6 34. Qxd5 Qc7 35. Rf4 Re5 36. Qf3 Qc5+ 37. Rd4 Reh5 38. Qg4+ Kf8 39. Qe6 Rh1+ 40. Kf2 R1h5 41. Qd6+ Qxd6 42. Rxd6 a5 43. Re1 Rf5+ 44. Kg1 a4 45. Rd7 Rg5 46. Re2 Rhh5 47. Ree7 Re5 48. Rf7+ Ke8 49. Rb7 Re1+ 50. Kf2 Rb1 51. Rfe7+ Kf8 52. Rf7+ Ke8 53. Rfe7+ Kf8 54. Rec7 Rxb2+ 55. Kf3 Re5 56. Rf7+ Kg8 57. Rg7+ Kf8 58. Rxh7 Kg8 59. Rhg7+ Kh8 60. Rgc7 Re8 61. g4 Rxa2 62. Rxb5 Ra8 63. Rbb7 Rc2 64. Ke4 Rf2 65. Ra7 Re8+ 66. Kd3 Rf3+ 67. Kd2 Rf4 68. c4 Rxg4 69. Rxa4 f5 70. Raa7 Rge4 71. c5 f4 72. Rh7+ Kg8 73. Rag7+ Kf8 74. c6 f3 75. Rf7+ Kg8 76. Rhg7+ Kh8 77. Rg3 Re2+ 78. Kd3 f2 79. Rf5 R2e7 80. Rxf2 Rc8 81. Rg6 Kh7 82. Rd6 Kg7 83. Kd4 Re1 84. Rc2 Kf7 85. Kc5 Ke8 86. Rh6 Rc7 87. Rh8+ Ke7 88. Rh7+ Kd8 89. Rd2+ Ke8 90. Rxc7 Rc1+ 91. Kd6 Re1 92. Rh7 Kd8 93. Rh8+ Re8 94. c7+ 1-0

[Event "Teguise Hotel op"]
[Site "Lanzarote"]
[Date "2024.08.20"]
[Round "7"]
[White "Smuda, Tomasz"]
[Black "Bangiev, Anton"]
[Result "1-0"]
[WhiteElo "1920"]
[BlackElo "1711"]
[PlyCount "97"]
[EventDate "2024.08.15"]
[EventType "swiss"]
[EventRounds "9"]
[EventCountry "ESP"]
[SourceTitle "CBM 221 Extra"]
[Source "ChessBase"]
[SourceDate "2024.09.30"]
[SourceVersion "1"]
[SourceVersionDate "2024.09.30"]
[SourceQuality "1"]

1. e4 d6 2. d4 Nf6 3. Nc3 e5 4. dxe5 dxe5 5. Qxd8+ Kxd8 6. f4 Nc6 7. fxe5 Nxe5 8. Bf4 Bd6 9. 0-0-0 Ke7 10. h3 Re8 11. Nge2 Be6 12. g4 Rad8 13. Bg2 a6 14. Rhf1 Nc4 15. e5 Bxe5 16. Bxe5 Nxe5 17. Bxb7 Bc4 18. b3 Bxe2 19. Nxe2 Rxd1+ 20. Rxd1 h6 21. a4 a5 22. Nd4 g6 23. Bg2 Rd8 24. Re1 Rxd4 25. Rxe5+ Kd6 26. Rxa5 Rf4 27. g5 hxg5 28. Rxg5 c6 29. a5 Nd7 30. a6 Kc7 31. a7 Nb6 32. Re5 Rf2 33. Re7+ Kd6 34. Rb7 Na8 35. Rb8 Nc7 36. Rc8 Rxg2 37. Rxc7 Rg1+ 38. Kb2 Kxc7 39. a8Q Rf1 40. Qa7+ Kd6 41. Qd4+ Kc7 42. b4 Rf5 43. h4 Kb7 44. h5 Rxh5 45. Qd7+ Kb6 46. Qxf7 Rb5 47. Kb3 g5 48. c4 Re5 49. c5+ 1-0

[Event "Teguise Hotel op"]
[Site "Lanzarote"]
[Date "2024.08.19"]
[Round "6"]
[White "Chan, Pui Yin Brandon"]
[Black "Smuda, Tomasz"]
[Result "1/2-1/2"]
[WhiteElo "1869"]
[BlackElo "1920"]
[PlyCount "98"]
[EventDate "2024.08.15"]
[EventType "swiss"]
[EventRounds "9"]
[EventCountry "ESP"]
[SourceTitle "CBM 221 Extra"]
[Source "ChessBase"]
[SourceDate "2024.09.30"]
[SourceVersion "1"]
[SourceVersionDate "2024.09.30"]
[SourceQuality "1"]

1. c4 e5 2. Nc3 Nf6 3. Nf3 e4 4. Ng5 c6 5. Ngxe4 Nxe4 6. Nxe4 d5 7. cxd5 cxd5 8. Ng3 h5 9. e3 h4 10. Ne2 Nc6 11. d4 Bf5 12. a3 Bd6 13. Nc3 Rc8 14. Bd3 Bxd3 15. Qxd3 Qg5 16. 0-0 h3 17. g3 Qh5 18. f4 0-0 19. Bd2 Na5 20. Nb5 Nc4 21. Nxd6 Nxd6 22. Bb4 Rfd8 23. Bxd6 Rxd6 24. Rac1 Rdc6 25. Rxc6 Rxc6 26. e4 dxe4 27. Qxe4 Re6 28. Qf3 Qxf3 29. Rxf3 Re2 30. g4 Rg2+ 31. Kh1 Rxb2 32. Rxh3 Rd2 33. Rf3 Rxd4 34. Kg2 b5 35. Kg3 Kf8 36. Re3 a5 37. h4 a4 38. Rc3 b4 39. axb4 Rxb4 40. Rc8+ Ke7 41. Ra8 Rb3+ 42. Kg2 a3 43. Ra6 Rb2+ 44. Kg3 a2 45. h5 Rc2 46. g5 Rb2 47. h6 gxh6 48. gxh6 Rb6 49. Ra7+ Kf8 1/2-1/2

[Event "Teguise Hotel op"]
[Site "Lanzarote"]
[Date "2024.08.16"]
[Round "3"]
[White "Smuda, Tomasz"]
[Black "Ticio Alonso, Einarr"]
[Result "1-0"]
[WhiteElo "1920"]
[BlackElo "1496"]
[PlyCount "117"]
[EventDate "2024.08.15"]
[EventType "swiss"]
[EventRounds "9"]
[EventCountry "ESP"]
[SourceTitle "CBM 221 Extra"]
[Source "ChessBase"]
[SourceDate "2024.09.30"]
[SourceVersion "1"]
[SourceVersionDate "2024.09.30"]
[SourceQuality "1"]

1. c4 Nf6 2. Nc3 Nc6 3. d4 d6 4. e4 e5 5. d5 Ne7 6. Be2 Ng6 7. Be3 Be7 8. Qd2 Nxe4 9. Nxe4 f5 10. f3 fxe4 11. fxe4 0-0 12. g3 Bd7 13. 0-0-0 c6 14. Kb1 c5 15. h4 Rb8 16. h5 Nh8 17. g4 b5 18. cxb5 Bxb5 19. Bxb5 Rxb5 20. g5 Qb6 21. Ka1 Rb8 22. Rb1 Ra5 23. b3 Bxg5 24. Bxg5 c4 25. b4 Rb5 26. Be3 Qb7 27. Ne2 a5 28. Qc2 axb4 29. Qxc4 b3 30. Rxb3 Rxb3 31. axb3 Qxb3 32. Qxb3 Rxb3 33. Bd2 Rd3 34. Bc1 Nf7 35. Kb2 Nd8 36. Kc2 Rf3 37. Rg1 Kf7 38. Ng3 g6 39. hxg6+ hxg6 40. Rf1 Rxf1 41. Nxf1 Nb7 42. Ba3 Kg7 43. Kd3 Kf6 44. Ke3 Na5 45. Nd2 Nb7 46. Kf3 g5 47. Kg4 Kg6 48. Nc4 Kf6 49. Bxd6 Nxd6 50. Nxd6 Ke7 51. Nc4 Kf6 52. d6 Kg6 53. d7 Kh7 54. d8Q Kg6 55. Nxe5+ Kg7 56. Qe7+ Kh8 57. Qf6+ Kh7 58. Qg6+ Kh8 59. Nf7# 1-0

[Event "Bohumin op-A 7th"]
[Site "Bohumin"]
[Date "2024.07.06"]
[Round "9"]
[White "Hladik, Lumir"]
[Black "Smuda, Tomasz"]
[Result "0-1"]
[WhiteElo "1986"]
[BlackElo "1931"]
[PlyCount "90"]
[EventDate "2024.06.29"]
[EventType "swiss"]
[EventRounds "9"]
[EventCountry "CZE"]
[SourceTitle "CBM 221 Extra"]
[Source "ChessBase"]
[SourceDate "2024.09.30"]
[SourceVersion "1"]
[SourceVersionDate "2024.09.30"]
[SourceQuality "1"]

1. e4 d6 2. d4 Nf6 3. Nc3 g6 4. Nf3 Bg7 5. h3 0-0 6. Be2 c6 7. a4 b6 8. 0-0 a6 9. Be3 Bb7 10. Qd2 b5 11. axb5 cxb5 12. e5 dxe5 13. dxe5 Qxd2 14. Nxd2 Nd5 15. Nxd5 Bxd5 16. Bf3 Bxf3 17. Nxf3 Nc6 18. Bf4 Nb4 19. Rfd1 Nxc2 20. Rac1 Nb4 21. Rd7 e6 22. Bd2 Nd5 23. Ra1 b4 24. Rb7 a5 25. Rb5 Rfc8 26. Rbxa5 Rxa5 27. Rxa5 Bf8 28. Nd4 h6 29. Nb5 Rc2 30. Be3 Nxe3 31. fxe3 Rc5 32. Kf1 b3 33. Ke2 Rxe5 34. Kd3 Rc5 35. e4 Rc2 36. Ra8 Rxb2 37. Nc7 Rxg2 38. e5 Rg3+ 39. Ke4 Rxh3 40. Ne8 g5 41. Nf6+ Kg7 42. Ne8+ Kg6 43. Nf6 b2 44. Rb8 Rh4+ 45. Kd3 Rb4 0-1

[Event "Bohumin op-A 7th"]
[Site "Bohumin"]
[Date "2024.07.05"]
[Round "8"]
[White "Smuda, Tomasz"]
[Black "Kulich, Filip"]
[Result "0-1"]
[WhiteElo "1931"]
[BlackElo "2043"]
[PlyCount "66"]
[EventDate "2024.06.29"]
[EventType "swiss"]
[EventRounds "9"]
[EventCountry "CZE"]
[SourceTitle "CBM 221 Extra"]
[Source "ChessBase"]
[SourceDate "2024.09.30"]
[SourceVersion "1"]
[SourceVersionDate "2024.09.30"]
[SourceQuality "1"]

1. e4 c5 2. b3 Nc6 3. Bb2 e6 4. f4 a6 5. Nf3 b5 6. a4 b4 7. d3 Bb7 8. Nbd2 d5 9. Qe2 Nge7 10. 0-0-0 Qc7 11. f5 exf5 12. exd5 Nd4 13. Nxd4 cxd4 14. Bxd4 Bxd5 15. Be5 Qc6 16. h4 f6 17. Bb2 Kf7 18. h5 Rc8 19. Nc4 Be6 20. h6 g6 21. Bxf6 Bxc4 22. Bxh8 Bxb3 23. Rd2 Nd5 24. g4 Nc3 25. Qg2 Bd5 26. gxf5 Bxg2 27. fxg6+ Qxg6 28. Rxg2 Bxh6+ 29. Kb2 Qe6 30. Rf2+ Ke8 31. Bxc3 bxc3+ 32. Ka3 Bc1+ 33. Kb4 Qb6# 0-1

[Event "Bohumin op-A 7th"]
[Site "Bohumin"]
[Date "2024.06.30"]
[Round "3"]
[White "Malinowski, Damian"]
[Black "Smuda, Tomasz"]
[Result "1/2-1/2"]
[WhiteElo "2023"]
[BlackElo "1931"]
[PlyCount "108"]
[EventDate "2024.06.29"]
[EventType "swiss"]
[EventRounds "9"]
[EventCountry "CZE"]
[SourceTitle "CBM 221 Extra"]
[Source "ChessBase"]
[SourceDate "2024.09.30"]
[SourceVersion "1"]
[SourceVersionDate "2024.09.30"]
[SourceQuality "1"]

1. c4 f5 2. Nc3 Nf6 3. g3 g6 4. Bg2 Bg7 5. d3 0-0 6. e4 d6 7. exf5 gxf5 8. Bg5 e5 9. Nge2 c6 10. 0-0 Nbd7 11. Qd2 Nc5 12. d4 Ne6 13. Bh4 Qa5 14. Rad1 c5 15. dxe5 dxe5 16. b3 Nd4 17. Nxd4 cxd4 18. Nd5 Qxd2 19. Rxd2 Nxd5 20. Bxd5+ Kh8 21. f3 a5 22. Kg2 Ra6 23. h3 a4 24. b4 Be6 25. Bxb7 Rb6 26. Bd5 Bxd5 27. cxd5 Re8 28. g4 e4 29. gxf5 e3 30. Rd3 Rxb4 31. d6 Rb2+ 32. Kh1 Be5 33. f4 Bxd6 34. Rg1 Rf8 35. Rxd4 Rd2 36. Re4 Rxa2 37. f6 Rf7 38. Re8+ Bf8 39. Rxe3 Rc2 40. Re8 h6 41. Ra1 Rc4 42. Ra8 a3 43. R1xa3 Rxf4 44. R3a4 Rxa4 45. Rxa4 Kh7 46. Kg2 Bd6 47. Ra6 Be5 48. Re6 Bb2 49. Kg3 Kg6 50. Kg4 Bxf6 51. Rc6 h5+ 52. Kf4 Kg7 53. Bxf6+ Rxf6+ 54. Rxf6 Kxf6 1/2-1/2

[Event "Hajduszoboszlo op 2nd"]
[Site "Hajduszoboszlo"]
[Date "2024.02.11"]
[Round "6"]
[White "Beres, Ferenc"]
[Black "Smuda, Tomasz"]
[Result "0-1"]
[WhiteElo "1598"]
[BlackElo "1878"]
[PlyCount "90"]
[EventDate "2024.02.08"]
[EventType "swiss"]
[EventRounds "7"]
[EventCountry "HUN"]
[SourceTitle "CBM 218 Extra"]
[Source "ChessBase"]
[SourceDate "2024.03.31"]
[SourceVersion "1"]
[SourceVersionDate "2024.03.31"]
[SourceQuality "1"]

1. e4 c5 2. Nf3 d6 3. d4 cxd4 4. Nxd4 Nc6 5. Nc3 g6 6. Be3 Bg7 7. Qd2 Bd7 8. f3 Rc8 9. 0-0-0 Ne5 10. h4 h5 11. Kb1 a6 12. f4 Ng4 13. Bd3 Nxe3 14. Qxe3 Nh6 15. Be2 0-0 16. Rhe1 b5 17. a3 Kh7 18. g3 e5 19. Nb3 exf4 20. gxf4 Qxh4 21. Nd5 Be6 22. Rh1 Qd8 23. f5 Bxd5 24. Rxd5 Qf6 25. c3 Rfe8 26. fxg6+ fxg6 27. Qg3 Re5 28. Rhd1 Rxd5 29. Rxd5 Nf7 30. Nd4 Ne5 31. Qh3 Rc5 32. Ne6 Rxd5 33. exd5 h4 34. Qe3 Qf5+ 35. Ka1 Bf6 36. Qa7+ Kh6 37. Qe3+ Bg5 38. Qa7 Nf7 39. Qd4 Qe5 40. Nxg5 Qxg5 41. Bg4 Qe5 42. Qd2+ Ng5 43. Bc8 a5 44. Bd7 Qg3 45. Qd4 h3 0-1

[Event "Hajduszoboszlo op 2nd"]
[Site "Hajduszoboszlo"]
[Date "2024.02.10"]
[Round "5"]
[White "Smuda, Tomasz"]
[Black "Szaloki, Arpad"]
[Result "0-1"]
[WhiteElo "1878"]
[BlackElo "2007"]
[PlyCount "98"]
[EventDate "2024.02.08"]
[EventType "swiss"]
[EventRounds "7"]
[EventCountry "HUN"]
[SourceTitle "CBM 218 Extra"]
[Source "ChessBase"]
[SourceDate "2024.03.31"]
[SourceVersion "1"]
[SourceVersionDate "2024.03.31"]
[SourceQuality "1"]

1. e4 c5 2. Nf3 Nc6 3. Bb5 d6 4. 0-0 Bd7 5. Re1 a6 6. Bxc6 Bxc6 7. d4 cxd4 8. Nxd4 Nf6 9. f3 e6 10. c4 Be7 11. Nc3 0-0 12. b3 Rc8 13. Bb2 Qd7 14. Kh1 Rfd8 15. Qe2 Ne8 16. Nd5 Bxd5 17. exd5 e5 18. f4 Bf6 19. fxe5 Bxe5 20. Rf1 g6 21. Rf2 Ng7 22. Raf1 Rf8 23. g4 Rce8 24. Qf3 f5 25. gxf5 Bxd4 26. Bxd4 Rxf5 27. Qd3 Rxf2 28. Rxf2 Nf5 29. Bc3 Re3 30. Qd2 Qe7 31. Kg1 Qe4 32. Qc2 Re1+ 33. Bxe1 Qxe1+ 34. Rf1 Qxf1+ 35. Kxf1 Ne3+ 36. Ke2 Nxc2 37. Kd2 Nd4 38. b4 b6 39. Kd3 Nf5 40. a4 Kf7 41. a5 bxa5 42. b5 axb5 43. cxb5 Ke8 44. b6 Kd8 45. Kc4 Kc8 46. Kb5 Kb7 47. Kxa5 h5 48. Kb5 g5 49. h3 g4 0-1

[Event "Hajduszoboszlo op 2nd"]
[Site "Hajduszoboszlo"]
[Date "2024.02.08"]
[Round "1"]
[White "Smuda, Tomasz"]
[Black "Molnar, Laszlo Levente"]
[Result "1-0"]
[WhiteElo "1878"]
[BlackElo "1316"]
[PlyCount "97"]
[EventDate "2024.02.08"]
[EventType "swiss"]
[EventRounds "7"]
[EventCountry "HUN"]
[SourceTitle "CBM 218 Extra"]
[Source "ChessBase"]
[SourceDate "2024.03.31"]
[SourceVersion "1"]
[SourceVersionDate "2024.03.31"]
[SourceQuality "1"]

1. e4 e5 2. Nf3 Nc6 3. Bc4 Bc5 4. c3 Nf6 5. d4 exd4 6. cxd4 Bb4+ 7. Nbd2 d6 8. 0-0 0-0 9. d5 Ne5 10. Nxe5 dxe5 11. Qe2 Bg4 12. f3 Bh5 13. a3 Bxd2 14. Bxd2 c6 15. Bb4 Qb6+ 16. Kh1 Rfd8 17. Be7 Rd7 18. Bxf6 gxf6 19. dxc6 bxc6 20. g4 Bg6 21. h4 h5 22. gxh5 Bxh5 23. Qg2+ Kf8 24. b3 Rad8 25. Rf2 Qe3 26. Raf1 Rd1 27. Rxd1 Rxd1+ 28. Kh2 Qf4+ 29. Kh3 f5 30. Qh2 Qxh2+ 31. Kxh2 f4 32. Kg2 Ke7 33. Rc2 Kd6 34. Be2 Rd4 35. b4 f6 36. Kf2 Bf7 37. Rc5 a6 38. Bxa6 Rd2+ 39. Be2 Ra2 40. Rc3 Rd2 41. Rd3+ Rxd3 42. Bxd3 c5 43. Ke1 Kc6 44. Kd2 c4 45. Be2 Kb5 46. Kc3 Bg8 47. h5 Bf7 48. h6 Bg8 49. Bxc4+ 1-0

[Event "Bohumin op-B 6th"]
[Site "Bohumin"]
[Date "2023.07.03"]
[Round "3"]
[White "Smuda, Tomasz"]
[Black "Figa, Karolina"]
[Result "1-0"]
[WhiteElo "1715"]
[BlackElo "1415"]
[PlyCount "55"]
[EventDate "2023.07.01"]
[EventType "swiss"]
[EventRounds "9"]
[EventCountry "CZE"]
[SourceTitle "EXT 2024"]
[Source "ChessBase"]
[SourceDate "2023.10.10"]
[SourceVersion "1"]
[SourceVersionDate "2023.10.10"]
[SourceQuality "1"]

1. e4 c6 2. Nc3 d5 3. Qf3 d4 4. Bc4 e6 5. Nce2 b5 6. Bb3 Bb7 7. d3 c5 8. Qg3 Nd7 9. a4 a6 10. f4 Qc7 11. c4 bxc4 12. Bxc4 Nb6 13. b3 Nxc4 14. bxc4 f5 15. e5 Qa5+ 16. Bd2 Qb6 17. Nf3 Qb2 18. 0-0 Bxf3 19. Qxf3 Rc8 20. Ba5 Ne7 21. Rfb1 Qc2 22. Rb6 Kf7 23. Be1 Nc6 24. Ng3 Nb4 25. Bxb4 cxb4 26. Qb7+ Be7 27. Rxe6 Rce8 28. Nxf5 1-0

[Event "POL-ch U18"]
[Site "Jastrzebia Gora"]
[Date "2023.??.??"]
[Round "7"]
[White "Malik, Maciej"]
[Black "Smuda, Tomasz"]
[Result "1-0"]
[WhiteElo "2163"]
[BlackElo "1654"]
[PlyCount "87"]
[EventDate "2023.03.11"]
[EventType "swiss"]
[EventRounds "9"]
[EventCountry "POL"]
[SourceTitle "CBM 213 Extra"]
[Source "ChessBase"]
[SourceDate "2023.05.31"]
[SourceVersion "1"]
[SourceVersionDate "2023.05.31"]
[SourceQuality "1"]

1. Nf3 c5 2. g3 Nc6 3. Bg2 Nf6 4. 0-0 d5 5. d3 e5 6. Bg5 Be7 7. Nbd2 0-0 8. e4 dxe4 9. dxe4 Bg4 10. Bxf6 Bxf6 11. c3 Qc7 12. Qc2 Rfd8 13. Nc4 Rd7 14. Ne3 Be6 15. Rfd1 c4 16. Bf1 Na5 17. Rxd7 Qxd7 18. Rd1 Qc7 19. Nd5 Bxd5 20. exd5 Rd8 21. Qa4 a6 22. d6 Qc6 23. Qxa5 Qxf3 24. Rd2 Qg4 25. Bg2 e4 26. Qd5 e3 27. fxe3 Bg5 28. Qe5 Bf6 29. Qc5 Rc8 30. Qb6 Qe6 31. d7 Rd8 32. Qxe6 fxe6 33. Bxb7 a5 34. Ba6 Kf7 35. Bxc4 Ke7 36. Bb5 Bg5 37. Kf2 Rf8+ 38. Ke2 Kd8 39. Rd6 Rf5 40. a4 Re5 41. Ra6 Rxe3+ 42. Kf2 Re5 43. Ra8+ Kc7 44. Rc8+ 1-0

[Event "POL-ch U18"]
[Site "Jastrzebia Gora"]
[Date "2023.??.??"]
[Round "5"]
[White "Smuda, Tomasz"]
[Black "Jedraszek, Pawel"]
[Result "1/2-1/2"]
[WhiteElo "1654"]
[BlackElo "1944"]
[PlyCount "83"]
[EventDate "2023.03.11"]
[EventType "swiss"]
[EventRounds "9"]
[EventCountry "POL"]
[SourceTitle "CBM 213 Extra"]
[Source "ChessBase"]
[SourceDate "2023.05.31"]
[SourceVersion "1"]
[SourceVersionDate "2023.05.31"]
[SourceQuality "1"]

1. Nf3 Nf6 2. c4 g6 3. Nc3 Bg7 4. e4 d6 5. d4 0-0 6. Be2 e5 7. dxe5 dxe5 8. Qxd8 Rxd8 9. Bg5 Re8 10. Nd5 Nxd5 11. cxd5 c6 12. Bc4 cxd5 13. Bxd5 Nc6 14. 0-0-0 a5 15. Bxc6 bxc6 16. Rd6 Be6 17. Kb1 Rec8 18. Rhd1 h6 19. Rd8+ Kh7 20. Rxc8 Rxc8 21. Be3 a4 22. Rc1 f5 23. Nd2 Bf8 24. f3 Bd6 25. Nc4 Bc7 26. b4 axb3 27. axb3 Kg7 28. Kb2 Kf6 29. Kc3 Ra8 30. Rc2 h5 31. Bc5 Ra6 32. Nb2 Ba5+ 33. b4 Bc7 34. Nc4 Ra8 35. Rd2 Bxc4 36. Kxc4 Ke6 37. Kb3 Ra1 38. Ra2 Rxa2 39. Kxa2 Bd8 40. Kb3 Bc7 41. Kc4 Bd8 42. Be3 1/2-1/2

[Event "POL-ch U18"]
[Site "Jastrzebia Gora"]
[Date "2023.??.??"]
[Round "8"]
[White "Smuda, Tomasz"]
[Black "Sternik, Piotr"]
[Result "1/2-1/2"]
[WhiteElo "1654"]
[BlackElo "1746"]
[PlyCount "80"]
[EventDate "2023.03.11"]
[EventType "swiss"]
[EventRounds "9"]
[EventCountry "POL"]
[SourceTitle "CBM 213 Extra"]
[Source "ChessBase"]
[SourceDate "2023.05.31"]
[SourceVersion "1"]
[SourceVersionDate "2023.05.31"]
[SourceQuality "1"]

1. Nc3 d5 2. e4 dxe4 3. Nxe4 c6 4. Nf3 Bg4 5. Bc4 e6 6. h3 Bh5 7. Ng3 Bxf3 8. Qxf3 Nf6 9. 0-0 Be7 10. c3 Nbd7 11. d4 0-0 12. Re1 Re8 13. Bg5 h6 14. Bxf6 Nxf6 15. Rad1 Qc7 16. Ne4 Nd5 17. Bd3 Qf4 18. Qxf4 Nxf4 19. Bc2 Rad8 20. Kf1 Rd7 21. h4 Red8 22. g3 Nd5 23. Rd2 b6 24. Rd3 a5 25. Red1 b5 26. Nd2 Nb6 27. Ke2 a4 28. b3 axb3 29. axb3 Ra7 30. b4 Nd5 31. Bb3 Ra3 32. Bxd5 cxd5 33. Rb1 Rc8 34. Nb3 Ra2+ 35. Rd2 Rca8 36. Rbb2 R2a3 37. Kd3 Bd6 38. f4 Kf8 39. Nc5 Ra1 40. Nb3 R1a3 1/2-1/2

[Event "POL-ch U17 Qual"]
[Site "Jastrzebia Gora"]
[Date "2021.11.19"]
[Round "7"]
[White "Smuda, Tomasz"]
[Black "Kitewski, Bartosz"]
[Result "0-1"]
[WhiteElo "1529"]
[BlackElo "1946"]
[PlyCount "70"]
[EventDate "2021.11.15"]
[EventType "swiss"]
[EventRounds "9"]
[EventCountry "POL"]
[SourceTitle "EXT 2023"]
[Source "ChessBase"]
[SourceDate "2022.10.05"]
[SourceVersion "1"]
[SourceVersionDate "2022.10.05"]
[SourceQuality "1"]

1. e4 e6 2. d4 d5 3. exd5 exd5 4. Bd3 c5 5. Nf3 Nc6 6. dxc5 Bxc5 7. 0-0 h6 8. Re1+ Nge7 9. c3 0-0 10. Qc2 Bg4 11. Nbd2 Rc8 12. Qa4 Bf5 13. Bxf5 Nxf5 14. Nb3 Bb6 15. Qg4 Qf6 16. Bf4 Rfe8 17. Rad1 Rxe1+ 18. Rxe1 Rd8 19. Be5 Nxe5 20. Rxe5 g6 21. Qa4 Kg7 22. Re8 Nh4 23. Nbd4 Nxf3+ 24. Nxf3 Rd6 25. Qc2 Qf4 26. Qe2 Qc1+ 27. Qe1 Qxb2 28. h4 Rf6 29. Qe7 Qxf2+ 30. Kh1 Bc5 31. Qd8 Qf1+ 32. Kh2 Bd6+ 33. g3 Bxg3+ 34. Kxg3 Rxf3+ 35. Kg4 Qg2# 0-1

[Event "POL-ch U17 Qual"]
[Site "Jastrzebia Gora"]
[Date "2021.11.16"]
[Round "2"]
[White "Bujnowski, Adam"]
[Black "Smuda, Tomasz"]
[Result "0-1"]
[WhiteElo "1176"]
[BlackElo "1529"]
[PlyCount "74"]
[EventDate "2021.11.15"]
[EventType "swiss"]
[EventRounds "9"]
[EventCountry "POL"]
[SourceTitle "EXT 2023"]
[Source "ChessBase"]
[SourceDate "2022.10.05"]
[SourceVersion "1"]
[SourceVersionDate "2022.10.05"]
[SourceQuality "1"]

1. e4 d6 2. d4 Nf6 3. Nc3 Nbd7 4. Be3 e5 5. d5 c6 6. dxc6 bxc6 7. f3 Be7 8. a4 a5 9. Qd2 Ba6 10. Bxa6 Rxa6 11. Nge2 0-0 12. Bf2 Nb6 13. b3 d5 14. Qd3 Qa8 15. 0-0-0 d4 16. Nb1 Nbd7 17. h4 Nc5 18. Qd2 Rb6 19. Kb2 Nxa4+ 20. Ka2 Nc5 21. Nxd4 exd4 22. Bxd4 Rbb8 23. h5 a4 24. b4 Ne6 25. g4 Nxd4 26. Qxd4 Rfd8 27. Qe3 Rxd1 28. Rxd1 Bxb4 29. h6 g6 30. g5 Ne8 31. e5 Nc7 32. f4 Rd8 33. Rf1 Qa6 34. Rf3 Qc4+ 35. Ka1 Bc5 36. Qe1 Qxc2 37. Rc3 Bd4 0-1

[Event "POL-ch U17 Qual"]
[Site "Jastrzebia Gora"]
[Date "2021.11.16"]
[Round "3"]
[White "Smuda, Tomasz"]
[Black "Zabron, Maksym"]
[Result "1/2-1/2"]
[WhiteElo "1529"]
[BlackElo "1896"]
[PlyCount "63"]
[EventDate "2021.11.15"]
[EventType "swiss"]
[EventRounds "9"]
[EventCountry "POL"]
[SourceTitle "EXT 2023"]
[Source "ChessBase"]
[SourceDate "2022.10.05"]
[SourceVersion "1"]
[SourceVersionDate "2022.10.05"]
[SourceQuality "1"]

1. e4 c5 2. c3 d5 3. exd5 Qxd5 4. Nf3 Nf6 5. Na3 Bg4 6. Be2 e6 7. 0-0 Nc6 8. Nc2 Be7 9. Ne3 Qd6 10. Nxg4 Nxg4 11. Qa4 Nf6 12. d4 0-0 13. dxc5 Qxc5 14. Be3 Qa5 15. Qb3 Qc7 16. Nd4 Nd5 17. Nxc6 bxc6 18. Bd2 Rab8 19. Qc2 Bf6 20. Rab1 Rfd8 21. Bf3 c5 22. g3 Qb6 23. b4 cxb4 24. Bxd5 exd5 25. Rxb4 Qc5 26. Rxb8 Rxb8 27. Rb1 Rc8 28. Rc1 Bd4 29. Be1 g6 30. Qb2 Bf6 31. Rd1 Qc4 32. Qb7 1/2-1/2

[Event "EU-ch Hybrid U16"]
[Site "Tornelo INT"]
[Date "2021.10.15"]
[Round "1"]
[White "Kienboeck, Benjamin"]
[Black "Smuda, Tomasz"]
[Result "1-0"]
[WhiteElo "2073"]
[BlackElo "1460"]
[PlyCount "117"]
[EventDate "2021.10.15"]
[EventType "swiss"]
[EventRounds "9"]
[EventCountry "NET"]
[SourceTitle "EXT 2023"]
[Source "ChessBase"]
[SourceDate "2022.10.05"]
[SourceVersion "1"]
[SourceVersionDate "2022.10.05"]
[SourceQuality "1"]
[WhiteTeam "Austria"]
[BlackTeam "Poland"]
[WhiteTeamCountry "AUT"]
[BlackTeamCountry "POL"]

1. e4 d6 2. d4 Nf6 3. Nc3 Nbd7 4. Be3 e5 5. f3 Be7 6. Qd2 c6 7. 0-0-0 0-0 8. g4 b5 9. Kb1 b4 10. Nce2 exd4 11. Nxd4 Qc7 12. Nf5 Nb6 13. Nxe7+ Qxe7 14. Qxd6 Qe8 15. Bg5 Nxe4 16. fxe4 f6 17. Bf4 Bxg4 18. Be2 Bxe2 19. Nxe2 Qxe4 20. Ng3 Qc4 21. Rhg1 Nd5 22. Bc1 Rad8 23. Qe6+ Kh8 24. Qe2 Qc5 25. Ne4 Qe7 26. Rge1 Rfe8 27. Qc4 Qe6 28. Qb3 h6 29. Ng5 Qd7 30. Nf3 a5 31. Rxe8+ Rxe8 32. Re1 Ra8 33. Nh4 g5 34. Nf3 Kg7 35. h4 a4 36. Qd3 b3 37. Nd4 Re8 38. Nf5+ Kh8 39. Rh1 g4 40. Bxh6 bxc2+ 41. Ka1 Qe6 42. Qxc2 Nb4 43. Qb1 Qc4 44. Rc1 Qd5 45. Bg7+ Kg8 46. Bxf6 Kf7 47. Bc3 Nd3 48. Rf1 Kg6 49. h5+ Kh7 50. Nd4 Re3 51. Nc2 Rh3 52. Nb4 Qc4 53. Rd1 Kh6 54. Nxd3 a3 55. Nf4 axb2+ 56. Bxb2 Qf7 57. Rd6+ Kg5 58. Nxh3+ gxh3 59. Rf6 1-0